İrlanda tiyatrosunda gerçekçilik / (Record no. 200426075)
[ view plain ]
| 000 -LEADER | |
|---|---|
| fixed length control field | 00982nam a2200325Ia 4500 |
| 001 - CONTROL NUMBER | |
| control field | 62999753 |
| 003 - CONTROL NUMBER IDENTIFIER | |
| control field | TR-AnTOB |
| 005 - DATE AND TIME OF LATEST TRANSACTION | |
| control field | 20190729170757.0 |
| 008 - FIXED-LENGTH DATA ELEMENTS--GENERAL INFORMATION | |
| fixed length control field | 990429s1993 tu 000 0 tur d |
| 020 ## - INTERNATIONAL STANDARD BOOK NUMBER | |
| International Standard Book Number | 9755450416 |
| 040 ## - CATALOGING SOURCE | |
| Original cataloging agency | BGZ |
| Language of cataloging | eng |
| Transcribing agency | TR-AnTOB |
| Description conventions | rda |
| 041 ## - LANGUAGE CODE | |
| Language code of text/sound track or separate title | Türkçe |
| 049 ## - LOCAL HOLDINGS (OCLC) | |
| Holding library | BGZA |
| 050 ## - LIBRARY OF CONGRESS CALL NUMBER | |
| Classification number | PR8789 |
| Item number | .C37 1993 |
| 090 ## - LOCALLY ASSIGNED LC-TYPE CALL NUMBER (OCLC); LOCAL CALL NUMBER (RLIN) | |
| Classification number (OCLC) (R) ; Classification number, CALL (RLIN) (NR) | PR8789 |
| Local cutter number (OCLC) ; Book number/undivided call number, CALL (RLIN) | .C37 1993 |
| 100 1# - MAIN ENTRY--PERSONAL NAME | |
| Personal name | Çapan, Cevat, |
| Dates associated with a name | 1933- |
| 245 10 - TITLE STATEMENT | |
| Title | İrlanda tiyatrosunda gerçekçilik / |
| Statement of responsibility, etc. | Cevat Çapan. |
| 264 ## - PRODUCTION, PUBLICATION, DISTRIBUTION, MANUFACTURE, AND COPYRIGHT NOTICE | |
| Place of production, publication, distribution, manufacture | İstanbul : |
| Name of producer, publisher, distributor, manufacturer | Telos Yayıncılık, |
| Date of production, publication, distribution, manufacture, or copyright notice | 1993. |
| 300 ## - PHYSICAL DESCRIPTION | |
| Extent | 201, [9] p. ; |
| Dimensions | 20 cm. |
| 336 ## - CONTENT TYPE | |
| Source | rdacontent |
| Content type term | text |
| Content type code | txt |
| 337 ## - MEDIA TYPE | |
| Source | rdamedia |
| Media type term | unmediated |
| Media type code | n |
| 338 ## - CARRIER TYPE | |
| Source | rdacarrier |
| Carrier type term | volume |
| Carrier type code | nc |
| 490 0# - SERIES STATEMENT | |
| Series statement | Telos ; |
| Volume/sequential designation | 35 |
| Series statement | İnceleme ; |
| Volume/sequential designation | 2 |
| 504 ## - BIBLIOGRAPHY, ETC. NOTE | |
| Bibliography, etc. note | |
| 650 #0 - SUBJECT ADDED ENTRY--TOPICAL TERM | |
| Topical term or geographic name entry element | English drama |
| General subdivision | Irish authors |
| -- | History and criticism. |
| 651 #0 - SUBJECT ADDED ENTRY--GEOGRAPHIC NAME | |
| Geographic name | Ireland |
| General subdivision | Literatures. |
| Geographic name | İrlanda |
| Form subdivision | Roman |
| General subdivision | Edebiyat. |
| 9 (RLIN) | 99297 |
| 942 ## - ADDED ENTRY ELEMENTS (KOHA) | |
| Source of classification or shelving scheme | Library of Congress Classification |
| Koha item type | Book |
| Withdrawn status | Lost status | Source of classification or shelving scheme | Not for loan | Collection code | Home library | Current library | Shelving location | Date acquired | Source of acquisition | Inventory number | Total Checkouts | Full call number | Barcode | Date last seen | Copy number | Date shelved | Koha item type |
|---|---|---|---|---|---|---|---|---|---|---|---|---|---|---|---|---|---|
| Library of Congress Classification | Ödünç Verilebilir / Available | Genel Koleksiyon | Merkez Kütüphane | Merkez Kütüphane | Genel Koleksiyon / Main Collection | 27/08/2015 | Bağış / Donation | İDE | PR8789 .C37 1993 | 0052162 | 10/03/2017 | 1 | 10/03/2017 | Book |
